000
00287nam a22001217a 4500
999
_c
65008
_d
65005
082
_a
297.5
100
_a
S. Y. Hashimy
245
_a
Islam As An Ethical and A Political
250
_a
second editioon
260
_a
Lahore
_b
Islamic Book Service
_c
1977
300
_a
117 p.
942
_c
BK